| 000 | 00555nam a2200217Ia 4500 | ||
|---|---|---|---|
| 005 | 20250505124944.0 | ||
| 008 | 008 250505s9999 xx 000 0 eng d | ||
| 037 | _aTextbook | ||
| 040 |
_aLCO _beng _cLCO |
||
| 041 |
_aeng _2eng |
||
| 084 |
_aX:724:Z R4 _qLCO |
||
| 100 | _aAhuja, Girish | ||
| 245 | 0 |
_aTaxation Law _cGirish Ahuja |
|
| 250 | _a2nd | ||
| 260 |
_aNew Delhi, India _bCommercial Publisher _c2024 |
||
| 300 | _a628 | ||
| 365 |
_aINR _b745 |
||
| 650 | _aLaw | ||
| 942 |
_cTB _hX:724:Z R4 |
||
| 999 |
_c1310838 _d1310838 |
||